[Event "ROM-ch U08 Girls"]
[Site "Calimanesti Caciulata"]
[Date "2019.04.20"]
[Round "7.3"]
[White "Boerescu Tutulan, Maria Paula"]
[Black "Gheorghiu, Theodora Maria"]
[Result "0-1"]
[WhiteElo "1001"]
[BlackElo "1001"]
[PlyCount "56"]
[EventDate "2019.04.15"]
[EventType "swiss"]
[EventRounds "9"]
[EventCountry "ROU"]
[SourceTitle "EXT 2024"]
[Source "ChessBase"]
[SourceDate "2023.10.10"]
[SourceVersion "1"]
[SourceVersionDate "2023.10.10"]
[SourceQuality "1"]

1. e4 e6 2. d4 d5 3. f3 c5 4. c3 Nc6 5. Ne2 Bd6 6. Nd2 Nge7 7. g3 0-0 8. b3 Na5 9. Bh3 h6 10. Ba3 b6 11. b4 Nb7 12. bxc5 bxc5 13. dxc5 Nxc5 14. Bxc5 Bxc5 15. a3 e5 16. exd5 Bxh3 17. g4 Bg2 18. Rg1 Bxf3 19. Nxf3 Bxg1 20. Nfxg1 Qxd5 21. Qc2 Rab8 22. Rd1 Qg2 23. Rd7 Nc6 24. Rd2 Qxg4 25. h3 Qh4+ 26. Kd1 Rfd8 27. Nf3 Qxh3 28. Nfg1 Qf1# 0-1

[Event "ROM-ch U08 Girls"]
[Site "Calimanesti Caciulata"]
[Date "2019.04.19"]
[Round "6.5"]
[White "Vitelar, Bianca Andreea"]
[Black "Boerescu Tutulan, Maria Paula"]
[Result "0-1"]
[WhiteElo "1001"]
[BlackElo "1001"]
[PlyCount "188"]
[EventDate "2019.04.15"]
[EventType "swiss"]
[EventRounds "9"]
[EventCountry "ROU"]
[SourceTitle "EXT 2024"]
[Source "ChessBase"]
[SourceDate "2023.10.10"]
[SourceVersion "1"]
[SourceVersionDate "2023.10.10"]
[SourceQuality "1"]

1. d4 e6 2. f4 Bb4+ 3. c3 Ba5 4. e3 Qh4+ 5. g3 Qf6 6. Nf3 Nc6 7. Bd3 Nh6 8. 0-0 Ng4 9. Qe2 d6 10. Bd2 e5 11. d5 Ne7 12. e4 c6 13. fxe5 dxe5 14. dxc6 bxc6 15. Ba6 Bxa6 16. Qxa6 Bb6+ 17. Kh1 Rc8 18. Na3 Qg6 19. h4 Qf6 20. Nc4 Bf2 21. Ne1 Qf5 22. exf5 Rd8 23. Qxa7 Bxa7 24. Rd1 Nd5 25. Nd3 Ndf6 26. Rde1 0-0 27. Ncxe5 Nxe5 28. Rxe5 Rxd3 29. Bf4 h6 30. Re7 Bb6 31. Be5 Re3 32. Bxf6 Rxg3 33. Rfe1 Bf2 34. R1e2 Ba7 35. Rxa7 gxf6 36. Rg2 Rg7 37. Rc7 Re8 38. Rxc6 Re1+ 39. Kh2 Re4 40. Rxg7+ Kxg7 41. b4 Re2+ 42. Kh3 Re3+ 43. Kg4 Re4+ 44. Kh5 Re5 45. Rc5 Re3 46. b5 Re7 47. b6 Rb7 48. Rc6 Rb8 49. Rc7 Rxb6 50. c4 Ra6 51. c5 Rxa2 52. c6 Ra5 53. Rc8 Rxf5+ 54. Kg4 Ra5 55. c7 f5+ 56. Kf4 Ra4+ 57. Kxf5 Ra5+ 58. Kf4 Ra4+ 59. Kf3 Rc4 60. h5 Rc5 61. Kg3 Rxh5 62. Kg4 Rc5 63. Kf4 Rc4+ 64. Kg3 h5 65. Kh3 h4 66. Ra8 Rxc7 67. Kxh4 f5 68. Kg5 f4 69. Kxf4 Rf7+ 70. Kg3 Rf1 71. Ra5 Kf6 72. Rh5 Rg1+ 73. Kf4 Ra1 74. Kf3 Ra3+ 75. Kg2 Rc3 76. Rh4 Rc2+ 77. Kf3 Rc3+ 78. Kg2 Ra3 79. Rh5 Ra2+ 80. Kf3 Ra3+ 81. Ke4 Ra4+ 82. Kf3 Ra3+ 83. Kg2 Kg6 84. Rh4 Ra2+ 85. Kg3 Ra3+ 86. Kg4 Ra4+ 87. Kh3 Ra3+ 88. Kg4 Kf6 89. Rh5 Ra4+ 90. Kh3 Kg6 91. Rb5 Ra3+ 92. Kg4 Ra4+ 93. Kh3 Ra3+ 94. Kh4 Ra4+ 0-1

[Event "ROM-ch U08 Girls"]
[Site "Calimanesti Caciulata"]
[Date "2019.04.15"]
[Round "1.8"]
[White "Serbanoiu, Maria"]
[Black "Boerescu Tutulan, Maria Paula"]
[Result "0-1"]
[WhiteElo "1001"]
[BlackElo "1001"]
[PlyCount "30"]
[EventDate "2019.04.15"]
[EventType "swiss"]
[EventRounds "9"]
[EventCountry "ROU"]
[SourceTitle "EXT 2024"]
[Source "ChessBase"]
[SourceDate "2023.10.10"]
[SourceVersion "1"]
[SourceVersionDate "2023.10.10"]
[SourceQuality "1"]

1. e4 e5 2. Bb5 Nc6 3. Nc3 Nf6 4. d3 Bb4 5. Nf3 d6 6. 0-0 Bg4 7. Bxc6+ bxc6 8. Nd5 cxd5 9. Nxe5 dxe5 10. Bg5 Bxd1 11. Rfxd1 h6 12. Bxf6 Qxf6 13. h4 Bc5 14. c3 Qxf2+ 15. Kh1 Qxh4# 0-1